000 00738nam a22001817a 4500
003 UA-OsUOA
001 18767
007 ta
008 20040609b un ||||| |||| 00| 0 ukr d
100 _aУсик С.
942 _cSA
040 _aUA-OsUOA
_cUA-OsUOA
_dUA-OsUOA
245 _aУ школу, на урок... футболу
_b[Перший заст. голови Сарнен. райдержадмін. С. Усик розповідає про підсумки та перспективи розв. фізкультури і спорту в ЗНЗ р-ну]
300 _aС.8
955 _a0
773 0 _w0
_tСарненські новини
_dСарни
_d2004
_g№47/48/29 квіт./
650 7 _aКраєзнавча робота
_2UDC
999 _c304938
_d304938